Регионална библиотека "Любен Каравелов" - Русе

Ах, тази власт : 127 статии и коментари - мозайка от запечатани мигове на трагичния ни преход (Запис номер 530391)

MARC детайли
000 -Лидер
Контролно поле с фиксирана дължина 02170nam a2200397 c 4500
003 - Код на организацията, давaща контролен номер
Контролно поле BLK
005 - Дата и час на последна редакция
Контролно поле 20250725164529.0
008 - Елементи от данни с фиксирана дължина
fixed length control field 180410b bul|||||r ||||||| ||bul||
020 ## - Международен стандартен номер на книга ISBN
Международен стандартен номер на книга ISBN 9789540918839
Поясняваща информация мека подв.
020 ## - Международен стандартен номер на книга ISBN
Международен стандартен номер на книга ISBN 9789540918822
Поясняваща информация твърда подв.
020 ## - Международен стандартен номер на книга ISBN
Международен стандартен номер на книга ISBN 9789540918921
Поясняваща информация футляр
040 ## - Източник на каталожния запис
Идентификатор на билиотеката - собственик на записа BLK
041 ## - Код за език
Код за езика на текст/звукозапис или на отделно заглавие Български
Код за езика КДБФ Български
080 ## - УДК
Текстов определител УДК Вътрешна политика. Вж и 329
УДК код - определител по УДК 323
УДК - код + определител 323(497.2)
100 1# - Редна дума - Автор
Автор Велева, Валерия Веселинова
Авторска отговорност първи автор
R(LIN) 305126
139 ## - Редно поле
Редна дума Велева, Валерия Веселинова
Авторски знак Веле - В 38
245 10 - Сведения за заглавието
Заглавие Ах, тази власт : 127 статии и коментари - мозайка от запечатани мигове на трагичния ни преход
Редно поле (дума) Валерия Веселинова Велева.
257 ## - Страна на издаване
Страна на създаване/издаване България
260 ## - Област на издателските данни
Име на издателя, разпространителя и проч. Захарий Стоянов
-- Когнито
Година на издаване 2025
Място на издаване, разпространение и проч. София
300 ## - Физическа характеристика
Страници 600 с.
Размери/Мащаб 24 см
380 ## - Жанр
Жанр Обществени науки
500 ## - Общи забележки
Забележка Смел журналистически танц в "жаравата" на политическия преход / Маргарита Пешева ; Журналистиката по бръснача на времето / Ивайло Христов ; Малцина като нея владеят професионализма до такова съвършенство, че не ти дава друг избор / Вежди Рашидов ; Валерия, за мен ти си един от най-добрите журналисти в България! / Стефан Цанев: с. 7-33
500 ## - Общи забележки
Забележка Само книгите с твърда подв. са във футляр.
650 #7 - Допълнително описание по предмет – тема
Основно описание – тема или топоним Преход от тоталитаризъм към демокрация - България
9 (RLIN) 167726
650 #0 - Допълнително описание по предмет – тема
Основно описание – тема или топоним България - вътрешна политика
9 (RLIN) 241559
852 ## - Местоположение
Форматна сигнатура Цб 326633
856 4# - Електронен адрес и достъп
Електронен формат pdf - файл
856 4# - Електронен адрес и достъп
Електронен формат pdf - файл
942 ## - АРТИКУЛИ
Вид на библиотечния материал Книги
Скрит в OPAC Не
Koha issues (borrowed), all copies 6
944 ## - СЪЗДАВАНЕ И РЕДАКЦИЯ на ЗАПИСА
Дата на регистрацията/редакция Нора Радева
Служител, извършил регистрацията/редакцията 30546
Статус, дата на статуса Ренета Константинова
999 ## - СИСТЕМНИ КОНТРОЛНИ НОМЕРА
Koha biblionumber 530391
Koha biblioitemnumber 530391
999 ## - СИСТЕМНИ КОНТРОЛНИ НОМЕРА
Koha biblioitemnumber 530391
999 ## - СИСТЕМНИ КОНТРОЛНИ НОМЕРА
Koha biblioitemnumber 530391
999 ## - СИСТЕМНИ КОНТРОЛНИ НОМЕРА
Koha biblioitemnumber 530391
999 ## - СИСТЕМНИ КОНТРОЛНИ НОМЕРА
Koha biblioitemnumber 530391
999 ## - СИСТЕМНИ КОНТРОЛНИ НОМЕРА
Koha biblioitemnumber 530389
Наличности
Код за отписване Код за изгубен артикул Източник на класификационната схема Код за повреда Коз за рестрикции Код за отдаване Артикулен № Име на библиотеката - собственик Име на библиотеката, в която се намира в момента Статус (Текущо местоположение) Дата на вписване в системата Местоположение - отдел Цена в лева Инвентарен номер Систематично азбучна сигнатура Баркод Цена в евро Служебен тип на артикула
  Не е изгубен Universal Decimal Classification Не е повреден само за читалня ползва се в читалня 966624 Регионална библиотека "Любен Каравелов" Русе Регионална библиотека "Любен Каравелов" Русе Хранилище 2025-04-10 Хранилище 30.00 120000919228 Цб 326633 120000919228 15.34 Книги
  Не е изгубен Universal Decimal Classification Не е повреден   заемане за дома 969509 Регионална библиотека "Любен Каравелов" Русе Регионална библиотека "Любен Каравелов" Русе Заемна - подръчен фонд 2025-04-30 Заемна - подръчен фонд 40.00 120000919280 323(497.2)/В 38 В 120000919280 20.45 Книги
Vip Innovations Ltd, Rousse, Bulgaria 2025